Normal view
MARC view
- Hitchens, Frank E
Entry Personal Name
001 - CONTROL NUMBER
- control field: 118633
003 - CONTROL NUMBER IDENTIFIER
- control field: NUST
005 - DATE AND TIME OF LATEST TRANSACTION
- control field: 20231123115648.0
008 - FIXED-LENGTH DATA ELEMENTS
- fixed length control field: 231123|| aca||aabn | a|a d
040 ## - CATALOGING SOURCE
- Original cataloging agency: NUST
- Transcribing agency: NUST
100 ## - HEADING--PERSONAL NAME
- Personal name: Hitchens, Frank E
670 ## - SOURCE DATA FOUND
- Source citation: Work cat.: (NUST): Hitchens, Frank E. , Propellor Aerodynamics :, 2015.
